000 00741nam a2200289Ia 4500
005 20260324124042.0
008 008 260324s9999 xx 000 0 eng d
020 _a9780203806722
037 _aEBOOK
040 _aCRL
040 _beng
040 _cCRL
041 _2eng
041 _aeng
084 _qCRL
100 _aClaire Colebrook; J. Hillis Miller; Tom Cohen; with a manuscript by Paul de Man
_91172661
245 0 _aTheory and the Disappearing Future
245 0 _bOn de Man, On Benjamin
260 _bTaylor and Francis
260 _c2011
365 _a
365 _b230
856 _uhttp://www.taylorfrancis.com/books/9780203806722
942 _cEBOOK
999 _c1766715
_d1766715